Państwa po jednym słowie - Statystyki

Ogólne statystyki
  • Ten quiz został rozwiązany 78 razy
  • Średni wynik to 12 z 15
Statystyki odpowiedzi
Słowo Państwo % Poprawnych
Piramidy Egipt
99%
Kreml Rosja
99%
Kangury Australia
97%
Anime Japonia
97%
Pierogi Polska
97%
Papież Watykan
97%
Messi Argentyna
95%
Lego Dania
95%
Taco Meksyk
89%
Transylwania Rumunia
85%
Neutralność Szwajcaria
75%
Ropa Stany Zjednoczone
64%
Kilimandżaro Tanzania
59%
Galapagos Ekwador
45%
Borat Kazachstan
41%
Nie znaleziono quizów pasujących do podanych kryteriów
Rozkład punktacji
Procent ludzi z każdym wynikiem
Percentyl według liczby udzielonych odpowiedzi
Twoja historia wyników
Nie rozwiązałeś tego quizu